|
|
|
|
| LEADER |
03650nam a2200745 4500 |
| 001 |
ocn774288738 |
| 003 |
OCoLC |
| 005 |
20170124072110.8 |
| 006 |
m o d |
| 007 |
cr cn||||||||| |
| 008 |
110610s2012 enk ob 000 0 eng d |
| 010 |
|
|
|z 2011024801
|
| 040 |
|
|
|a E7B
|b eng
|e pn
|c E7B
|d CDX
|d N$T
|d OCLCQ
|d YDXCP
|d OCLCQ
|d MOF
|d OCLCF
|d OCLCQ
|d DG1
|d OCLCQ
|d COO
|d OCLCQ
|d DEBBG
|d D6H
|d AZK
|d LOA
|d OCLCO
|d OCLCA
|d GrThAP
|
| 019 |
|
|
|a 768230321
|a 961582994
|a 962695160
|
| 020 |
|
|
|a 9781118222973
|q (electronic bk.)
|
| 020 |
|
|
|a 1118222970
|q (electronic bk.)
|
| 020 |
|
|
|a 9781118227978
|q (electronic bk.)
|
| 020 |
|
|
|a 1118227972
|q (electronic bk.)
|
| 020 |
|
|
|z 9780470658628
|q (pbk. alk. paper)
|
| 020 |
|
|
|z 0470658622
|q (pbk. alk. paper)
|
| 029 |
1 |
|
|a AU@
|b 000049641568
|
| 029 |
1 |
|
|a AU@
|b 000050212501
|
| 029 |
1 |
|
|a DEBBG
|b BV040887110
|
| 029 |
1 |
|
|a DEBBG
|b BV042796102
|
| 029 |
1 |
|
|a DKDLA
|b 820120-katalog:000582876
|
| 029 |
1 |
|
|a NZ1
|b 14691913
|
| 029 |
1 |
|
|a DEBBG
|b BV043394060
|
| 035 |
|
|
|a (OCoLC)774288738
|z (OCoLC)768230321
|z (OCoLC)961582994
|z (OCoLC)962695160
|
| 037 |
|
|
|a 10.1002/9781118227978
|b Wiley InterScience
|n http://www3.interscience.wiley.com
|
| 050 |
|
4 |
|a RD81
|b .A23 2012eb
|
| 060 |
|
4 |
|a WO 200
|
| 072 |
|
7 |
|a MED
|x 006000
|2 bisacsh
|
| 072 |
|
7 |
|a MED
|x 058010
|2 bisacsh
|
| 082 |
0 |
4 |
|a 617.9/6
|2 23
|
| 049 |
|
|
|a MAIN
|
| 245 |
0 |
0 |
|a AAGBI core topics /
|c edited by Ian G. Johnston, William Harrop-Griffiths, Leslie Gemmell.
|
| 246 |
3 |
|
|a Association of Anaesthetists of Great Britain and Ireland core topics
|
| 246 |
3 |
|
|a Core topics
|
| 264 |
|
1 |
|a Chichester, West Sussex :
|b Wiley-Blackwell,
|c 2012.
|
| 300 |
|
|
|a 1 online resource (ix, 153 pages)
|
| 336 |
|
|
|a text
|b txt
|2 rdacontent
|
| 337 |
|
|
|a computer
|b c
|2 rdamedia
|
| 338 |
|
|
|a online resource
|b cr
|2 rdacarrier
|
| 504 |
|
|
|a Includes bibliographical references.
|
| 505 |
0 |
|
|a The physics of ultrasound / Graham Arthurs -- Coronary artery stents : management in patients and undergoing non-cardiac surgery / C.S. Moore and S.J. Leslie -- Anaesthesia and enhanced recovery for colorectal surgery / C.J. Peden and C.P. Newell -- The unanticipated difficult airway : the can't intubate, can't ventilate scenario / Mansukh Popat -- Analgesia for abdominal surgery / Alex Grice, N.J. Boyd, S.N. Marshall -- Analgesic regimens for children / Glyn Williams -- The unstable cervical spine / Michelle Leemans, Ian Calder -- Obstetric haemorrhage / David Levy -- Anaesthesia for patients undergoing hip fracture surgery / Richard Griffiths -- E-learning anaesthesia / Andrew Macindoe and Ed Hammond -- Consent and the explanation of risk in anaesthesia / Stuart White.
|
| 650 |
|
0 |
|a Anesthesia.
|
| 650 |
|
0 |
|a Surgery, Operative.
|
| 650 |
|
0 |
|a Operations, Surgical.
|
| 650 |
|
7 |
|a MEDICAL
|x Anesthesiology.
|2 bisacsh
|
| 650 |
|
7 |
|a MEDICAL
|x Nursing
|x Anesthesia.
|2 bisacsh
|
| 650 |
|
7 |
|a Anesthesia.
|2 fast
|0 (OCoLC)fst00808644
|
| 650 |
|
7 |
|a Operations, Surgical.
|2 fast
|0 (OCoLC)fst01046401
|
| 650 |
|
7 |
|a Surgery, Operative.
|2 fast
|0 (OCoLC)fst01139411
|
| 650 |
1 |
2 |
|a Anesthesia
|x methods.
|
| 650 |
2 |
2 |
|a Anesthesia
|x contraindications.
|
| 650 |
2 |
2 |
|a Surgical Procedures, Operative.
|
| 655 |
|
4 |
|a Electronic books.
|
| 655 |
|
7 |
|a Electronic books.
|2 local
|
| 700 |
1 |
|
|a Johnston, Ian
|q (Ian G.)
|
| 700 |
1 |
|
|a Harrop-Griffiths, William.
|
| 700 |
1 |
|
|a Gemmell, Leslie.
|
| 710 |
2 |
|
|a Association of Anaesthetists of Great Britain and Ireland.
|
| 776 |
0 |
8 |
|i Print version:
|t AAGBI core topics.
|d Chichester, West Sussex : Wiley-Blackwell, 2012
|w (DLC) 2011024801
|
| 856 |
4 |
0 |
|u https://doi.org/10.1002/9781118227978
|z Full Text via HEAL-Link
|
| 994 |
|
|
|a 92
|b DG1
|